| 000 | 00353cam a2200145ua 4500 | ||
|---|---|---|---|
| 041 |
_aeng _h |
||
| 082 |
_a335 _bPIG/SO |
||
| 100 | _aPigou, A C . | ||
| 245 |
_aSocialism versus capitalism / _cA C Pigou. _hTextual Documents |
||
| 260 |
_aLondon : _bMcMillon & Co Ltd , _c1964. |
||
| 300 | _a139 ; . | ||
| 504 | _a | ||
| 942 | _cBK | ||
| 999 |
_c4673 _d4673 |
||